03808nam a22002417a 4500003000900000005001700009008004100026040002800067041000800095100005700103245032300160260005400483300005000537502009600587504005100683520251700734650002603251700005603277700005103333700004103384830008603425856005503511DO-CoUTE20260518153326.0260518b dr ||||| |||| 00| 0 spa d aDO-CoUTEbspacDO-CoUTE aspa1 aÁlvarez de Jesús, Leonardo Miguel eSustentante 10aEstudio Del Impacto Geológico Y Ambiental De La Actividad Minera En La Comunidad Los Martínez Del Municipio Maimón Provincia Monseñor Nouel, República Dominicana, 2026cLeonardo Miguel Álvarez de Jesús, Juandery Stiven Moreno Mercedes, Yosmarly de los Santos Moreno ; Asesor, Ricardo Reynoso Villafaña aCotuí, República Dominicana ; bUTECO, c2026 a70 Hojas : bGraficos ; c23cm, e+ 1 CD-ROM  aTrabajo de Grado (Ingeniero Geólogo) Universidad Tecnológica del Cibao Oriental, 2026.  aIncluye referencia bibliográfica e índice. aEste estudio evalúa el impacto geológico y ambiental de la actividad minera en la comunidad Los Martínez, Maimón, Monseñor Nouel, República Dominicana, mediante la percepción de sus habitantes. La justificación radica en la ausencia de investigaciones focalizadas en esta zona, pese a su relevancia minera y a las denuncias comunitarias sobre deterioro ambiental y geológico, lo que exige una propuesta de gestión sostenible basada en evidencia local. El problema es la desconexión entre el desarrollo económico minero y la conservación del medio físico-social, agravada por la falta de monitoreo técnico continuo y la escasa participación comunitaria en la gestión ambiental. Se empleó un diseño cuantitativo, descriptivo, analítico y transversal. Las variables principales fueron: Percepción del Impacto Ambiental, Percepción del Impacto Geológico, Conocimiento sobre la minería y Vínculo laboral con la minería, utilizada como variable de control. La hipótesis alternativa (H₁) planteaba una asociación significativa entre la percepción de dichos impactos. La metodología incluyó análisis documental para caracterizar el contexto geológico y una encuesta con preguntas dicotómicas aplicada a una muestra probabilística de 322 residentes, calculada a partir de una población estimada de 1,218 habitantes mediante fotointerpretación satelital. Los datos se analizaron con estadística descriptiva y la prueba de Chicuadrado. Los hallazgos revelaron que existe una asociación estadísticamente significativa (p < 0.001) entre la percepción de impactos geológicos y ambientales, rechazando la hipótesis nula. Más del 60% de los encuestados percibió al menos un tipo de impacto. Contrariamente a lo esperado, quienes tenían vínculo laboral con la minera reportaron mayor percepción de contaminación hídrica. Aunque el conocimiento sobre la actividad minera fue alto (74.5%), la participación en gestión ambiental fue baja (42.9%). Se concluye que la comunidad experimenta un deterioro integral del territorio, reconociendo tanto impactos geológicos como ambientales de forma significativamente relacionada. El alto nivel de conocimiento sin participación efectiva evidencia una injusticia procedimental. Se recomienda un modelo de gestión sostenible basado en comités ambientales locales con poder real, monitoreo participativo validado y planes de cierre de mina obligatorios desde la exploración. 4aEstudios del impacto 1 aLeonardo Miguel Álvarez de Jesús eSustentante 1 aJuandery Stiven Moreno Mercedes eSustentante 1 aRicardo Reynoso VillafañaeAsesor  aTesis y disertaciones académicas (Universidad Tecnológica del Cibao Oriental) yHaga Click Aquí para Descargar en Texto Completo